00329 a2200109 4500001001000000005001700010008004100027245003500068100001900103773008000122999001700202ART_4557720260410161939.0260409a 10aThe elephant and the butterfly1 aDavidson, Paul0 tJournal of post Keynesian economicsg- Vol. 15, NÂș 3 (mar. 1993)wREV26226 c29350d29350